Les 100 transferts les + chers de l'histoire - Statistiques

Statistiques générales
  • Ce quiz a été pris 300 fois
    74 depuis la dernière actualisation
  • Le résultat moyen est 78 sur 100
Statistiques - réponses
Saison De Vers Valeur du transfert Pays Réponse % Correct
1 17/18 FC Barcelona Paris Saint-Germain 222 000 000 € Neymar
100%
26 23/24 Paris Saint-Germain Al-Hilal Saudi Club 90 000 000 € Neymar
100%
28 13/14 Santos FC FC Barcelona 88 000 000 € Neymar
100%
2 18/19 AS Monaco Paris Saint-Germain 180 000 000 € Kylian Mbappé
98%
13 18/19 Real Madrid CF Juventus 117 000 000 € Cristiano Ronaldo
97%
24 09/10 Manchester United Real Madrid CF 94 000 000 € Cristiano Ronaldo
97%
10 19/20 Chelsea FC Real Madrid CF 120 800 000 € Eden Hazard
95%
3 17/18 Borussia Dortmund FC Barcelona 148 000 000 € Ousmane Dembélé
95%
4 25/26 Newcastle United FC Liverpool FC 145 000 000 € Alexander Isak
93%
70 22/23 Real Sociedad Newcastle United FC 70 000 000 € Alexander Isak
93%
11 19/20 Atlético de Madrid FC Barcelona 120 000 000 € Antoine Griezmann
93%
6 19/20 SL Benfica Atlético de Madrid 127 200 000 € João Félix
93%
7 23/24 Borussia Dortmund Real Madrid CF 127 000 000 € Jude Bellingham
93%
17 16/17 Juventus Manchester United 105 000 000 € Paul Pogba
93%
18 13/14 Tottenham Hotspur Real Madrid CF 101 000 000 € Gareth Bale
92%
5 17/18 Liverpool FC FC Barcelona 135 000 000 € Philippe Coutinho
92%
8 25/26 Bayer 04 Leverkusen Liverpool FC 125 000 000 € Florian Wirtz
90%
20 25/26 Eintracht Frankfurt Liverpool FC 95 000 000 € Hugo Ékitiké
90%
12 21/22 Aston Villa FC Manchester City 117 500 000 € Jack Grealish
90%
9 22/23 SL Benfica Chelsea FC 121 000 000 € Enzo Fernández
88%
21 23/24 Tottenham Hotspur FC Bayern München 95 000 000 € Harry Kane
88%
38 14/15 Liverpool FC FC Barcelona 81 720 000 € Luis Suárez
88%
16 21/22 Inter Chelsea FC 113 000 000 € Romelu Lukaku
88%
35 17/18 Everton FC Manchester United 84 700 000 € Romelu Lukaku
88%
59 19/20 Manchester United Inter 74 000 000 € Romelu Lukaku
88%
22 23/24 Eintracht Frankfurt Paris Saint-Germain 95 000 000 € Randal Kolo Muani
86%
47 01/02 Juventus Real Madrid CF 77 500 000 € Zinédine Zidane
86%
14 23/24 West Ham United Arsenal FC 116 600 000 € Declan Rice
85%
19 20/21 Bayer 04 Leverkusen Chelsea FC 100 000 000 € Kai Havertz
85%
55 23/24 Chelsea FC Arsenal FC 75 000 000 € Kai Havertz
85%
15 23/24 Brighton & Hove Albion Chelsea FC 116 000 000 € Moisés Caicedo
85%
36 17/18 Southampton FC Liverpool FC 84 650 000 € Virgil van Dijk
85%
41 22/23 AS Monaco Real Madrid CF 80 000 000 € Aurélien Tchouaméni
83%
30 19/20 AFC Ajax FC Barcelona 86 000 000 € Frenkie de Jong
83%
27 16/17 SSC Napoli Juventus 90 000 000 € Gonzalo Higuaín
83%
31 19/20 AFC Ajax Juventus 85 500 000 € Matthijs de Ligt
83%
78 22/23 Juventus FC Bayern München 67 000 000 € Matthijs de Ligt
83%
43 19/20 Lille OSC Arsenal FC 80 000 000 € Nicolas Pépé
83%
23 22/23 AFC Ajax Manchester United 95 000 000 € Antony
81%
29 19/20 Leicester City FC Manchester United 87 000 000 € Harry Maguire
81%
25 23/24 RB Leipzig Manchester City 90 000 000 € Josko Gvardiol
81%
50 15/16 Vfl Wolfsburg Manchester City 76 000 000 € Kevin De Bruyne
81%
42 19/20 Atlético de Madrid FC Bayern München 80 000 000 € Lucas Hernández
81%
45 20/21 Lille OSC SSC Napoli 78 900 000 € Victor Osimhen
81%
51 25/26 SSC Napoli Galatasaray SK 75 000 000 € Victor Osimhen
81%
33 22/23 SL Benfica Liverpool FC 85 000 000 € Darwin Núñez
80%
37 21/22 ACF Fiorentina Juventus 83 500 000 € Dušan Vlahović
80%
34 21/22 Borussia Dortmund Manchester United 85 000 000 € Jadon Sancho
80%
56 14/15 AS Monaco Real Madrid CF 75 000 000 € James Rodríguez
80%
71 19/20 Atlético de Madrid Manchester City 70 000 000 € Rodri
80%
61 18/19 AS Monaco Atlético de Madrid 72 000 000 € Thomas Lemar
80%
75 21/22 Inter Paris Saint-Germain 68 000 000 € Achraf Hakimi
78%
57 14/15 Real Madrid CF Manchester United 75 000 000 € Ángel Di María
78%
98 15/16 Manchester United Paris Saint-Germain 63 000 000 € Ángel Di María
78%
82 25/26 Sporting CP Arsenal FC 65 800 000 € Viktor Gyökeres
78%
40 22/23 Leicester City FC Chelsea FC 80 400 000 € Wesley Fofana
78%
89 13/14 SSC Napoli Paris Saint-Germain 64 500 000 € Edinson Cavani
76%
85 23/24 SL Benfica Paris Saint-Germain 65 000 000 € Gonçalo Ramos
76%
81 24/25 SL Benfica Paris Saint-Germain 65 920 000 € João Neves
76%
53 24/25 Manchester City Atlético de Madrid 75 000 000 € Julián Alvarez
76%
54 24/25 Eintracht Frankfurt Manchester City 75 000 000 € Omar Marmoush
76%
76 18/19 Leicester City FC Manchester City 67 800 000 € Riyad Mahrez
76%
60 18/19 AS Roma Liverpool FC 72 500 000 € Alisson
75%
79 09/10 AC Milan Real Madrid CF 67 000 000 € Kaká
75%
77 23/24 Chelsea FC Manchester United 67 700 000 € Mason Mount
75%
46 23/24 Atalanta BC Manchester United 77 800 000 € Rasmus Højlund
75%
63 20/21 SL Benfica Manchester City 71 600 000 € Rúben Dias
75%
72 09/10 Inter FC Barcelona 69 500 000 € Zlatan Ibrahimović
75%
52 25/26 Brentford FC Manchester United 75 000 000 € Bryan Mbeumo
73%
64 22/23 Real Madrid CF Manchester United 70 650 000 € Casemiro
73%
44 18/19 Athletic Club Chelsea FC 80 000 000 € Kepa Arrizabalaga
73%
65 25/26 Liverpool FC FC Bayern München 70 000 000 € Luis Díaz
73%
69 22/23 FC Shakthtar Donetsk Chelsea FC 70 000 000 € Mykhaylo Mudryk
73%
67 24/25 SSC Napoli Paris Saint-Germain 70 000 000 € Khvicha Kvaratskhelia
71%
86 19/20 Sporting CP Manchester United 65 000 000 € Bruno Fernandes
69%
84 25/26 RB Leipzig Tottenham Hostpur 65 000 000 € Xavi Simons
69%
49 25/26 RB Leipzig Manchester United 76 500 000 € Benjamin Šeško
68%
73 25/26 Crystal Palace FC Arsenal FC 69 300 000 € Eberechi Eze
68%
48 24/25 Aston Villa FC Al-Nassr Club 77 000 000 € Jhon Durán
68%
32 25/26 VfB Stuttgart Newcastle United FC 85 000 000 € Nick Woltemade
68%
62 25/26 AFC Bournemouth Manchester City 72 000 000 € Antoine Semenyo
66%
68 23/24 RB Leipzig Liverpool FC 70 000 000 € Dominik Szoboszlai
66%
58 25/26 Wolverhampton Wanderers Manchester United 74 200 000 € Matheus Cunha
66%
93 17/18 Borussia Dortmund Arsenal FC 63 750 000 € Pierre-Emerick Aubameyang
66%
91 18/19 Borussia Dortmund Chelsea FC 64 000 000 € Christian Pulisic
64%
66 25/26 Real Sociedad Arsenal FC 70 000 000 € Martín Zubimendi
64%
95 15/16 Liverpool FC Manchester City 63 700 000 € Raheem Sterling
64%
87 19/20 Juventus Manchester City 65 000 000 € João Cancelo
63%
83 22/23 Brighton & Hove Albion Chelsea FC 65 300 000 € Marc Cucurella
63%
80 17/18 Real Madrid CF Chelsea FC 66 000 000 € Álvaro Morata
61%
39 20/21 FC Barcelona Juventus 80 600 000 € Arthur Melo
61%
97 19/20 Eintracht Frankfurt Real Madrid CF 63 000 000 € Luka Jović
59%
88 17/18 Athletic Club Manchester City 65 000 000 € Aymeric Laporte
58%
99 25/26 AFC Bournemouth Real Madrid CF 62 500 000 € Dean Huijsen
56%
96 25/26 AFC Bournemouth Paris Saint-Germain 63 000 000 € Ilya Zabarnyi
56%
94 25/26 Brighton & Hove Albion Chelsea FC 63 700 000 € João Pedro
56%
74 25/26 Atalanta BC Al-Qadsiah 68 250 000 € Mateo Retegui
51%
92 25/26 West Ham United Tottenham Hotspur 63 800 000 € Mohammed Kudus
51%
100 23/24 Southampton FC Chelsea FC 62 100 000 € Roméo Lavia
51%
90 24/25 AFC Bournemouth Tottenham Hotspur 64 300 000 € Dominic Solanke
44%
Aucun quiz correspondant
Distribution des résultats
% des personnes avec chaque résultat
Percentile par nombre de réponses
Votre historique - résultats
Vous n’avez pas pris ce quiz depuis la dernière actualisation